000
00256nam a22001097a 4500
082
_a
684.08 GIB'W
100
_a
GIBBIE, S. W
_9
58138
245
_a
WOOD FINISHING AND REFINISHING
260
_a
NEWYORK
_b
D. VAN NOSTRAND
_c
1954
300
_a
255P
942
_c
BK
999
_c
568351
_d
568351